To, čo viete, dajte na mapu

Priblíženie geomarketingu ako možnosti vytvorenia mapy z databáz a databáz z mapy. Predpoklady využívania služieb geomarketingu. Databázy a geomarketing. Geomarketing na Slovensku.

Gespeichert in:
Bibliographische Detailangaben
1. Verfasser: Daniel, Boris
Format: Buchkapitel
Sprache:Slowakisch
Schlagworte:
Tags: Tag hinzufügen
Keine Tags, Fügen Sie das erste Tag hinzu!

MARC

LEADER 00000naa a2200000 4500
001 r043580
005 20231003075522.7
041 0 |a slo 
044 |a SK 
245 1 0 |a To, čo viete, dajte na mapu  |c Boris Daniel 
520 |a Priblíženie geomarketingu ako možnosti vytvorenia mapy z databáz a databáz z mapy. Predpoklady využívania služieb geomarketingu. Databázy a geomarketing. Geomarketing na Slovensku. 
610 2 0 |a marketing 
610 2 0 |a kartografia 
610 2 0 |a mapy 
610 2 0 |a báza dát 
610 2 0 |a informácie 
610 2 0 |a stratégia marketingová 
610 2 0 |a Slovensko 
100 1 |a Daniel, Boris